| 000 | 00608cab a2200181 4500 | ||
|---|---|---|---|
| 001 | ABS42070 | ||
| 008 | 090401t xxu||||| |||| 00| 0 eng d | ||
| 035 | _a(Sirsi) u34527 | ||
| 041 | _aeng | ||
| 100 | _aBaird, A. | ||
| 245 | _aLand transfer s and rural housing | ||
| 350 | _a0 | ||
| 490 |
_aCountry Landowner _v43(1) 20(1) |
||
| 520 | _aDiscusses the confusion that exists among landowners involved in land transfers to housing associations and builders generally caused by the complexity of the capital gains tax and inheritance tax . | ||
| 690 | _aRURAL PRACTICE | ||
| 942 | _n0 | ||
| 948 | _c04/03/1997 | ||
| 999 |
_c22857 _d22857 |
||